Mấy vấn đề về lịch sử châu á và lịch sử Việt Nam: Một cách nhìn

সংরক্ষণ করুন:
গ্রন্থ-পঞ্জীর বিবরন
প্রধান লেখক: Nguyễn Văn Hồng
বিন্যাস: গ্রন্থ
ভাষা:Undetermined
প্রকাশিত: Hà Nội VHDT 2001
বিষয়গুলি:
ট্যাগগুলো: ট্যাগ যুক্ত করুন
কোনো ট্যাগ নেই, প্রথমজন হিসাবে ট্যাগ করুন!
Thư viện lưu trữ: Trung tâm Học liệu Trường Đại học Cần Thơ
LEADER 00538nam a2200169Ia 4500
001 CTU_43592
008 210402s9999 xx 000 0 und d
082 |a 950 
082 |b H455 
100 |a Nguyễn Văn Hồng 
245 0 |a Mấy vấn đề về lịch sử châu á và lịch sử Việt Nam: Một cách nhìn 
245 0 |c Nguyễn Văn Hồng 
260 |a Hà Nội 
260 |b VHDT 
260 |c 2001 
650 |a asia - history 
980 |a Trung tâm Học liệu Trường Đại học Cần Thơ